000 00592nam a2200193Ia 4500
005 20250508170001.0
008 008 250505s9999 xx 000 0 eng d
037 _aTextual
040 _aFEDL
_beng
_cFEDL
041 _aeng
_2eng
084 _a591.51, MCF
_qFEDL
100 _aMcFarland David
_9475075
245 0 _aAnimal behaviour: Psychobiology, ethology and evolution
260 _aHarlow, UK
_bEnglish Language Book Society
_c1985
300 _axiv, 576p.
546 _aGifted by HOD. Namita Ranganathan
942 _cTEXL
_h591.51, MCF
999 _c1398523
_d1398523